Book review: Aravind Yelery, China Inc.: Between state capitalism and economic statecraft (Record no. 527882)
[ view plain ]
| 000 -LEADER | |
|---|---|
| fixed length control field | 01191nam a22001457a 4500 |
| 008 - FIXED-LENGTH DATA ELEMENTS--GENERAL INFORMATION | |
| fixed length control field | 241001b ||||| |||| 00| 0 eng d |
| 100 ## - MAIN ENTRY--PERSONAL NAME | |
| Personal name | Mishra, R. K. and Kiranmai , J. |
| 245 ## - TITLE STATEMENT | |
| Title | Book review: Aravind Yelery, China Inc.: Between state capitalism and economic statecraft |
| 260 ## - PUBLICATION, DISTRIBUTION, ETC. (IMPRINT) | |
| Place of publication, distribution, etc | Indian Journal of Public Administration |
| 300 ## - PHYSICAL DESCRIPTION | |
| Extent | 70(3), Sep, 2024: p.638-642 |
| 520 ## - SUMMARY, ETC. | |
| Summary, etc | Aravind Yelery, China Inc.: Between State Capitalism and Economic Statecraft. Pentagon Press LLP, 2021, xx+360 pp., ₹1,295. This fascinating publication is an excellent contribution on State-Owned Enterprises (SOEs) in China, dissecting their changing role and importance as an instrument of State Capitalism and Economic Statecraft. Divided into nine chapters, the book is interspersed with rich data and case studies on SOEs and their operations in China. The study is the result of several years’ research at the Hongkong and Sanghai Banking Corporation Limited, Business School of the Peking University.- Reproduced https://journals.sagepub.com/doi/full/10.1177/00195561241257406 |
| 773 ## - HOST ITEM ENTRY | |
| Main entry heading | Indian Journal of Public Administration |
| 906 ## - LOCAL DATA ELEMENT F, LDF (RLIN) | |
| Subject DIP | BOOK REVIEW |
| 942 ## - ADDED ENTRY ELEMENTS (KOHA) | |
| Item type | Articles |
| Withdrawn status | Lost status | Source of classification or shelving scheme | Damaged status | Not for loan | Permanent location | Current location | Date acquired | Serial Enumeration / chronology | Barcode | Date last seen | Koha item type |
|---|---|---|---|---|---|---|---|---|---|---|---|
| Indian Institute of Public Administration | Indian Institute of Public Administration | 2024-10-01 | 70(3), Sep, 2024: p.638-642 | AR133313 | 2024-10-01 | Articles |
